Zoologie

में बचाया:
ग्रंथसूची विवरण
मुख्य लेखक: Chanton, R.
स्वरूप: पुस्तक
भाषा:Undetermined
प्रकाशित: Paris Poin et Cie 1961
विषय:
टैग : टैग जोड़ें
कोई टैग नहीं, इस रिकॉर्ड को टैग करने वाले पहले व्यक्ति बनें!
Thư viện lưu trữ: Trung tâm Học liệu Trường Đại học Cần Thơ
LEADER 00435nam a2200181Ia 4500
001 CTU_8930
008 210402s9999 xx 000 0 und d
082 |a 591 
082 |b C459/T.1 
100 |a Chanton, R. 
245 0 |a Zoologie 
245 0 |c R. Chanton, H. Boué 
260 |a Paris 
260 |b Poin et Cie 
260 |c 1961 
650 |a Zoology 
904 |i Minh 
980 |a Trung tâm Học liệu Trường Đại học Cần Thơ